| 000 | 01061cam a2200313 i 4500 | ||
|---|---|---|---|
| 001 | 34954 | ||
| 003 | Mx-PuUPA | ||
| 005 | 20260204131508.0 | ||
| 008 | 140415s2018 mx gr l 000 0 spa d | ||
| 020 |
_a9786070508448 _qrústica |
||
| 040 |
_aMx-PuUPA _bspa _cMx-PuUPA _dMx-PuUPA _erda |
||
| 041 | 0 | _aspa | |
| 043 | _an-mx--- | ||
| 100 | 1 |
_aGonzález Jordan, María Guadalupe, _917657 _eautor |
|
| 245 | 1 | 0 |
_aDerecho penal electoral / _cMaría Guadalupe González Jordan |
| 250 | _aPrimera edición | ||
| 264 | 1 |
_aMéxico, Distrito Federal : _bEditorial Limusa, _c©2018 |
|
| 300 |
_a146 páginas ; _c23 cm |
||
| 336 |
_2rdacontent _atexto _btxt |
||
| 337 |
_2rdamedia _asin medio _bn |
||
| 338 |
_2rdacarrier _avolumen _bnc |
||
| 490 | 0 | _aTextos Universitarios con casos prácticos | |
| 650 | 7 |
_2armarc _aDerecho electoral _zMéxico |
|
| 650 | 7 |
_2armarc _aDerecho penal _zMéxico |
|
| 650 | 7 |
_2armarc _aPartidos políticos _vLegislación _zMéxico |
|
| 942 |
_2ddc _cLI _h342.7207 _iG57 |
||
| 999 |
_c34954 _d34954 |
||